| Tag |
First Indicator |
Second Indicator |
Subfields |
| LEADER |
00000cas a2200000 4500 |
| 001 |
in00000055197 |
| 005 |
20151008052202.0 |
| 008 |
800510c19309999okuuu b 0uuua0eng d |
| 035 |
|
|
|a (OCoLC)06302627
|
| 035 |
|
|
|9 AAH2117AM
|
| 040 |
|
|
|a TXA
|c TXA
|d UtOrBLW
|
| 049 |
|
|
|a TXAE
|
| 090 |
|
|
|a TA7
|b .O4 no. 7, etc.
|
| 100 |
1 |
|
|a Oboukhoff, Nicholas M.
|
| 245 |
1 |
2 |
|a A method of designing medium and high frequency alternators :
|b with a special reference to the inductor type.
|
| 264 |
|
1 |
|a Stillwater :
|b Division of Engineering [Oklahoma Agricultural and Mechanical College],
|c 1930-
|
| 300 |
|
|
|a volumes :
|b diagrams
|
| 336 |
|
|
|a text
|b txt
|2 rdacontent
|
| 337 |
|
|
|a unmediated
|b n
|2 rdamedia
|
| 338 |
|
|
|a volume
|b nc
|2 rdacarrier
|
| 490 |
1 |
|
|a Engineering Experiment Station publication
|
| 490 |
0 |
|
|a Oklahoma. Agricultural and Mechanical College [Bulletin] v. 1, no. 7, etc
|
| 504 |
|
|
|a Includes bibliographies.
|
| 650 |
|
0 |
|a Electric currents, Alternating.
|
| 650 |
|
0 |
|a Electric motors, Induction.
|
| 760 |
0 |
|
|a Oklahoma. State University of Agriculture and Applied Science, Stillwater. Office of Engineering Experiment Station.
|t Publication
|
| 760 |
0 |
|
|a Oklahoma. Agricultural and Mechanical College
|t [Bulletin]
|
| 830 |
|
0 |
|a Publication (Oklahoma State University. Office of Engineering Research and Engineering Experiment Station)
|
| 999 |
|
|
|a MARS
|
| 999 |
f |
f |
|s 0771019a-dae0-35ed-865b-3742b2d2197a
|i 7f75e8b6-2966-3361-9199-f500492fe705
|t 0
|
| 952 |
f |
f |
|p ric
|a Texas A&M University
|b Rellis Campus
|c Joint Library Facility
|d Remote Storage
|t 0
|e TA7 .O4 no. 7, etc.
|h Library of Congress classification
|i unmediated -- volume
|k [pt.1]=no.7
|m A14806786790
|
| 952 |
f |
f |
|p ric
|a Texas A&M University
|b Rellis Campus
|c Joint Library Facility
|d Remote Storage
|t 0
|e TA7 .O4 no. 7, etc.
|h Library of Congress classification
|i unmediated -- volume
|k pt.2=no.13
|m A14809713801
|
| 952 |
f |
f |
|p ric
|a Texas A&M University
|b Rellis Campus
|c Joint Library Facility
|d Remote Storage
|t 0
|e TA7 .O4 no. 7, etc.
|h Library of Congress classification
|i unmediated -- volume
|k pt.3=no.23
|m A14809713819
|
| 998 |
f |
f |
|a TA7 .O4 no. 7, etc.
|s pt.3=no.23
|t 0
|l Remote Storage
|